| 000 -LEADER |
| fixed length control field |
00612nam a22002057a 4500 |
| 008 - FIXED-LENGTH DATA ELEMENTS--GENERAL INFORMATION |
| fixed length control field |
151022b xxu||||| |||| 00| 0 eng d |
| 020 ## - INTERNATIONAL STANDARD BOOK NUMBER |
| International Standard Book Number |
0131831771 |
| 041 0# - LANGUAGE CODE |
| Language code of text/sound track or separate title |
eng |
| 080 ## - UNIVERSAL DECIMAL CLASSIFICATION NUMBER |
| Universal Decimal Classification number |
339.138 |
| 100 1# - Rafti |
| Rafti |
Urban, Glen L. |
| 245 10 - TITLE STATEMENT |
| Title |
Digital marketing strategy : |
| Statement of responsibility, etc |
Glen L. Urban. |
| 260 ## - |
| -- |
Upper Saddle River, N.J. : |
| -- |
Pearson Prentice Hall, |
| -- |
2004. |
| 300 ## - |
| -- |
xvii, 195 f. : |
| -- |
me il.; |
| -- |
25 cm. |
| 650 #0 - |
| -- |
Marketing |
| 650 #0 - |
| -- |
Tregëtia elektronike |
| 650 #0 - |
| -- |
Internet marketing. |
| 650 #0 - |
| -- |
Sjellja e konsumatorëve |
| 650 #0 - |
| -- |
Planifikim strategjik |
| 942 ## - ADDED ENTRY ELEMENTS (KOHA) |
| Source of classification or shelving scheme |
|
| Item type |
Books |